Statistiken für Mehrheitlich muslimische Länder

Klicken Sie hier um das Quiz zu spielen!

Allgemein

  • Dieses Quiz wurde 1,346 mal gespielt
  • Das Durchschnittsergebnis liegt bei 38 aus 48

Antwortstatistiken

% Land % Korrekt
95.7Irak
98%
99.4Iran
97%
99.2Türkei
97%
97.1Saudi-Arabien
96%
92.4Ägypten
94%
96.5Pakistan
94%
99Marokko
94%
85.9Oman
93%
99.1Jemen
93%
93Syrien
92%
99.7Afghanistan
91%
99Algerien
91%
99.8Tunesien
91%
97Libyen
89%
97Sudan
89%
76Vereinigte Arabische Emirate
89%
77.5Katar
88%
93.3Turkmenistan
87%
98.3Niger
87%
98.0Tadschikistan
86%
57.7Libanon
85%
96.5Usbekistan
85%
87.2Indonesien
85%
97.2Jordanien
84%
74.6Kuwait
84%
95Mali
84%
58Tschad
83%
> 99.9Mauretanien
83%
≈ 50Nigeria
83%
90Kirgisistan
82%
73.7Bahrain
81%
96.9Aserbaidschan
79%
99.8Somalia
79%
70.2Kasachstan
77%
96.1Senegal
73%
61.3Malaysia
68%
58.8Albanien
67%
89.1Guinea
63%
61.5Burkina Faso
63%
90.4Bangladesch
62%
95.7Gambia
62%
78.8Brunei
61%
97Dschibuti
60%
95.6Kosovo
57%
50.6Bosnien und Herzegowina
56%
77.5Sierra Leone
55%
98.4Malediven
54%
98.3Komoren
43%

Verteilung der Resultate

Perzentil nach korrekt beantworteten Fragen

Anzahl Personen mit jedem Resultat

Ihre Resultats-Entwicklung

Sie haben dieses Quiz noch nicht gespielt